000 00426nam a2200169Ia 4500
008 230524s9999 xx 000 0 und d
020 _a8174090398
082 _a612.3812
_bPRA
100 _aRajendra Prasad
245 0 _aElectrical Measurements & Measuring Instruments
250 _a4TH
260 _aNEW DELHI
_bKhanna
_c2004
300 _aXVI;0128
500 _aQuantity Number: 6
650 _aElectrical
942 _cBK
999 _c8748
_d8748